00599nam a2200193Ia 4500008004100000020000700041082001500048100002000063245004600083250000700129260003300136300002700169500001900196600003300215650002400248942000700272952010900279999001700388240925s9999 xx 000 0 und d aNA a796.44 TAY aNot - Available 0aCatalogue of the Collection at The Yorker aNA aLondon:bWhitbread & Co.cNA a1153p.bN.AfPhotocopy aIncludes Index aHumanities & Natural Science aArts and Recreation cBK 001040708HUMaUITUbUITUd2012-12-31eGiftl0o796.44 TAYpQ9588r2024-09-25 07:15:22w2024-09-25yBK c12087d12087